| 000 | 00678nam a2200193 i 4500 | ||
|---|---|---|---|
| 001 | 186575 | ||
| 003 | ES-MaACL | ||
| 005 | 20230906222711.0 | ||
| 008 | 161130s2015 sp |||| | spa d | ||
| 080 | _a331.109 | ||
| 100 | 1 |
_aLluís y Navas, Jaime. _972976 |
|
| 245 | 1 | 3 |
_aLa adecuación de la legislación sobre conflictos colectivos a los trabajadores autónomos / _cJaime Lluís y Navas. |
| 260 |
_a[Barcelona : _bJ. Lluís y Navas, _c2015] |
||
| 300 |
_aP. 725-740 ; _c21 cm. |
||
| 594 | _aDatos tomados de cub. | ||
| 595 | _aSeparata de: Revista técnico-laboral, n. 146, 2015. | ||
| 650 | 4 |
_aConflictos laborales- _zEspaña. _9157827 |
|
| 852 |
_aES-MaACL _j2333-F-15 |
||
| 999 |
_c186575 _d186575 |
||